| 000 | 00356nam a22000977a 4500 | ||
|---|---|---|---|
| 082 |
_a348.5491046 _bPAK |
||
| 245 |
_aPakistan Annual Law Digest 1986: _ba yearly publication containing digest of cases and statutes reporting in important legal journals during the year / |
||
| 260 |
_aLahore : _bPLD Publishers, _c1986. |
||
| 300 | _avolume | ||
| 942 |
_2ddc _cCR _s1 |
||
| 999 |
_c593104 _d593104 |
||